Investigations into Lamellar Tearing : (Record no. 165103)

MARC details
000 -LEADER
fixed length control field 00653nam a2200193 a 4500
008 - FIXED-LENGTH DATA ELEMENTS--GENERAL INFORMATION
fixed length control field
049 ## - LOCAL HOLDINGS (OCLC)
Holding library MAIN
090 ## - LOCALLY ASSIGNED LC-TYPE CALL NUMBER (OCLC); LOCAL CALL NUMBER (RLIN)
Classification number (OCLC) (R) ; Classification number, CALL (RLIN) (NR) TA492.W4
003 - CONTROL NUMBER IDENTIFIER
control field
005 - DATE AND TIME OF LATEST TRANSACTION
control field 20230123134406.0
040 ## - CATALOGING SOURCE
Transcribing agency NUST
245 10 - TITLE STATEMENT
Title Investigations into Lamellar Tearing :
Remainder of title A compendium of reports from a sponsored research programme /
Statement of responsibility, etc. The Welding Institute.
260 ## - PUBLICATION, DISTRIBUTION, ETC.
Place of publication, distribution, etc. Cambridge :
Name of publisher, distributor, etc. The welding institute,
Date of publication, distribution, etc. 1975.
300 ## - PHYSICAL DESCRIPTION
Extent various pagings :
Other physical details ill. ;
Dimensions 29 cm.
440 ## - SERIES STATEMENT/ADDED ENTRY--TITLE
Title Report series March 1975
500 ## - GENERAL NOTE
General note Includes bibliographical references.
907 ## - LOCAL DATA ELEMENT G, LDG (RLIN)
a .b10233611
b 21-02-07
c 20-02-07
942 ## - ADDED ENTRY ELEMENTS (KOHA)
Koha item type Ordinary Loan Books
Call number prefix TA492.W4
Holdings
Date last seen Total Checkouts Full call number Barcode Cost, replacement price Price effective from Koha item type Lost status Source of classification or shelving scheme Damaged status Not for loan Collection Withdrawn status Home library Current library Shelving location Date acquired Cost, normal purchase price
01/23/2023   TA492.W4 INV 92003017548 80.00 01/23/2023 BOOKS   LCC     NFIC   MAIN MAIN GEN 01/23/2023 80.00